Mai Zinda Hoon (Record no. 360816)

MARC details
000 -LEADER
fixed length control field 01843nam a22001697a 4500
003 - CONTROL NUMBER IDENTIFIER
control field 0
005 - DATE AND TIME OF LATEST TRANSACTION
control field 20260429181159.0
020 ## - INTERNATIONAL STANDARD BOOK NUMBER
ISBN 9788198105059
082 ## - DEWEY DECIMAL CLASSIFICATION NUMBER
Classification number H IND R
100 ## - MAIN ENTRY--AUTHOR NAME
Personal name Indori, Rahat
245 ## - TITLE STATEMENT
Title Mai Zinda Hoon
260 ## - PUBLICATION, DISTRIBUTION, ETC. (IMPRINT)
Place of publication Noida
Name of publisher Rekhta Publication
Year of publication 2025
300 ## - PHYSICAL DESCRIPTION
Number of Pages 612p.
520 ## - SUMMARY, ETC.
Summary, etc Rahat Indori's poetic style is known for its boldness, simplicity, and emotional intensity. His ghazals often revolve around themes of love, social issues, and patriotism. Filled with deep emotions and a strong connection to the common man, his poetry is widely appreciated by the masses. Despite its simplicity, his writing was impactful, conveying profound meanings in straightforward words. Rahat Indori primarily wrote in the traditional ghazal form, a significant genre of Urdu poetry, but he added a contemporary twist to it. His ghazals often reflected a modern perspective and addressed contemporary issues. His work continues to inspire readers and audiences worldwide. Rahat Indori’s full name was Rahatullah Qureshi. He was born on January 1, 1950, in Indore. His father’s name was Rifatullah Qureshi, and his mother’s name was Maqbool-un-Nisa Begum. He earned a B.A. degree in Urdu from Devi Ahilya University, Indore, an M.A. in Urdu Literature from Awadh University, and a Ph.D. (on Urdu Mushaira) from M.P. Bhoj University. For 16 years, he served as a professor of Urdu literature at I.K. College, Devi Ahilya University, Indore. He was also the editor of the Urdu quarterly magazine Shaakhein for 10 years. Several researchers in Indian and Pakistani universities have completed their Ph.D. degrees on Dr. Rahat Indori's life and works. His ghazals are included in the Urdu curriculum for classes 9 and 11 of the Maharashtra State Board.
650 ## - SUBJECT ADDED ENTRY--TOPICAL TERM
Topical Term Hindi Poetry
-- Rahat Indori
9 (RLIN) 19010
942 ## - ADDED ENTRY ELEMENTS (KOHA)
Koha item type Books
Holdings
Lost status Home library Current library Date acquired Cost, normal purchase price Full call number Accession Number Koha item type Public Note
  Gandhi Smriti Library Gandhi Smriti Library 2026-04-29 999.00 H IND R 181874 Books 999.00

Powered by Koha